header

Big Bird brings spring to Sesame Street / (Record no. 262798)

MARC details
000 -LEADER
fixed length control field 00630nam a22001817a 4500
003 - CONTROL NUMBER IDENTIFIER
control field OSt
005 - DATE AND TIME OF LATEST TRANSACTION
control field 20240207143445.0
008 - FIXED-LENGTH DATA ELEMENTS--GENERAL INFORMATION
fixed length control field 240207b xxu||||| |||| 00| 0 eng d
020 ## - INTERNATIONAL STANDARD BOOK NUMBER
International Standard Book Number 0307020193 020
International Standard Book Number 0307602788 (lib. bdg.)
040 ## - CATALOGING SOURCE
Transcribing agency DLC
050 ## - LIBRARY OF CONGRESS CALL NUMBER
Classification number PZ7
Item number .S9819 1985
100 ## - MAIN ENTRY--PERSONAL NAME
Personal name Swindler, Lauren Collier.
245 ## - TITLE STATEMENT
Title Big Bird brings spring to Sesame Street /
Statement of responsibility, etc by Lauren Collier Swindler ; illustrated by Marsha Winborn ;
260 ## - PUBLICATION, DISTRIBUTION, ETC. (IMPRINT)
Place of publication, distribution, etc [New York] :
Name of publisher, distributor, etc Western Pub. Co. in conjunction with Children's Television Workshop,
Date of publication, distribution, etc c1985.
300 ## - PHYSICAL DESCRIPTION
Extent [24] p. :
Other physical details col. ill. ;
Dimensions 20 cm.
942 ## - ADDED ENTRY ELEMENTS (KOHA)
Source of classification or shelving scheme Library of Congress Classification
Koha item type Long Loan Books
Holdings
Withdrawn status Lost status Source of classification or shelving scheme Damaged status Not for loan Collection code Home library Current library Shelving location Date acquired Total Checkouts Full call number Barcode Date last seen Price effective from Koha item type
    Library of Congress Classification     Fiction Rongo University Library Rongo University Library Children's Area 07/02/2024   PZ7 .S9819 1985 CL20233186 07/02/2024 07/02/2024 Long Loan Books

© 2026 Rongo University
Contact us: librarian | system librarian | Rongo university